Educación para la emancipación : conferencias y conversaciones con Helmut Becker (1959-1969) /

Adorno es uno de los intelectuales más influyentes y brillantes de este siglo. Sin embargo, su aportación pedagógica ha pasado bastante desapercibida hasta el momento. El autor constata en esta obra cómo, en algunas ocasiones, también la formación puede conducir a la barbarie y a la dominación, algo...

Full description

Bibliographic Details
Main Author: Adorno, Theodor W. 1903-1969
Other Authors: Kadelbach, Gerd (ed.), Becker, Hellmut
Format: Libro
Language:Spanish
Published: Madrid Morata 1998
Series:Pedagogía. Raíces de la memoria
Subjects:
Online Access:

MARC

LEADER 00000cam a2200000 a 4500
001 035291
003 UAHC_CL
005 20170803123840.0
008 100506s1998 cl 000 spa
020 |a 8471124238 
040 |a UAHC_CL  |c UAHC_CL  |d UAHC_CL 
082 0 4 |a 370.943  |b A241  |2 20 
100 1 |a Adorno, Theodor W.  |d 1903-1969 
245 1 0 |a Educación para la emancipación :  |b conferencias y conversaciones con Helmut Becker (1959-1969) /  |c Theodor W. Adorno ; edición de Gerd Kadelbach ; traducción de Jacobo Muñoz. 
246 2 |a Conferencias y conversaciones con Helmut Becker (1959-1969) 
260 |b Morata  |a Madrid  |c 1998 
300 |a 135 p. 
490 0 |a Pedagogía. Raíces de la memoria 
500 |a Título original: Erziehung zur mündigkeit. 
520 |a Adorno es uno de los intelectuales más influyentes y brillantes de este siglo. Sin embargo, su aportación pedagógica ha pasado bastante desapercibida hasta el momento. El autor constata en esta obra cómo, en algunas ocasiones, también la formación puede conducir a la barbarie y a la dominación, algo que el nazismo puso de manifiesto al propugnar en las escuelas una 'falsa cultura', a la par que impedía el pensamiento crítico. 
650 4 |a EDUCACION  |z ALEMANIA (REPUBLICA FEDERAL) 
653 |a DOCTORADO EN EDUCACION / MECESUP 
700 1 |a Kadelbach, Gerd  |e ed. 
700 1 |a Becker, Hellmut 
900 |a M370.943 ADO 
942 |c BK 
952 |0 0  |1 0  |4 0  |6 M_370_943000000000000_ADO  |7 0  |8 General  |9 67046  |a BC  |b BC  |c General  |d 2017-08-03  |o M370.943 ADO  |p 1377849  |r 2026-01-13 00:00:00  |t 1  |w 2017-08-03  |y BK 
999 |c 35291  |d 35291